[Event "POL-chT U19 2nd League"]
[Site "Iwonicz"]
[Date "2015.08.01"]
[Round "7.77"]
[White "Dabrowska, Aleksandra"]
[Black "Ruchala, Katarzyna"]
[Result "1-0"]
[WhiteElo "1296"]
[BlackElo "1219"]
[PlyCount "65"]
[EventDate "2015.07.25"]
[EventType "team-swiss"]
[EventRounds "11"]
[EventCountry "POL"]
[SourceTitle "EXT 2019"]
[Source "ChessBase"]
[SourceDate "2018.10.10"]
[SourceVersion "1"]
[SourceVersionDate "2018.10.10"]
[SourceQuality "1"]
[WhiteTeam "Zielonka Zieloni U19"]
[BlackTeam "Nowy Sacz Sandecja U19"]
[WhiteTeamCountry "POL"]
[BlackTeamCountry "POL"]

1. e4 e5 2. Nf3 Nc6 3. Bc4 Bc5 4. Nc3 Nf6 5. d3 h6 6. h3 d6 7. 0-0 Be6 8. Bb3 0-0 9. Na4 Bb6 10. Nxb6 axb6 11. Bxe6 fxe6 12. Nh2 d5 13. exd5 exd5 14. f4 Qd7 15. f5 Ne7 16. g4 c5 17. Nf3 e4 18. Ne5 Qd6 19. Bf4 Qd8 20. Qd2 Kh7 21. h4 Qe8 22. Qe2 g6 23. g5 hxg5 24. hxg5 exd3 25. Qh2+ Nh5 26. fxg6+ Kg7 27. Qxh5 Rh8 28. Qg4 Ra4 29. Qe6 Rf8 30. Bg3 dxc2 31. Rf7+ Rxf7 32. gxf7 Qf8 33. Qh6# 1-0

[Event "POL-chT U19 2nd League"]
[Site "Iwonicz"]
[Date "2015.08.01"]
[Round "3.83"]
[White "Jurkiewicz, Zuzanna"]
[Black "Ruchala, Katarzyna"]
[Result "1-0"]
[WhiteElo "1473"]
[BlackElo "1219"]
[PlyCount "69"]
[EventDate "2015.07.25"]
[EventType "team-swiss"]
[EventRounds "11"]
[EventCountry "POL"]
[SourceTitle "EXT 2019"]
[Source "ChessBase"]
[SourceDate "2018.10.10"]
[SourceVersion "1"]
[SourceVersionDate "2018.10.10"]
[SourceQuality "1"]
[WhiteTeam "Brzozow UKS SP 1 U19"]
[BlackTeam "Nowy Sacz Sandecja U19"]
[WhiteTeamCountry "POL"]
[BlackTeamCountry "POL"]

1. e4 e5 2. Nf3 Nc6 3. Bb5 a6 4. Ba4 b5 5. Bb3 Nf6 6. d3 Bc5 7. 0-0 0-0 8. Bg5 d6 9. h3 Be6 10. c3 Rb8 11. d4 Bxb3 12. axb3 exd4 13. cxd4 Bb6 14. Nc3 Nb4 15. Qc1 Qe7 16. Qd2 Qe6 17. d5 Qe7 18. Rfe1 Rfe8 19. e5 dxe5 20. Nxe5 Qd6 21. Bxf6 gxf6 22. Ng4 Rxe1+ 23. Rxe1 Rc8 24. Nh6+ Kf8 25. Nf5 Bxf2+ 26. Kxf2 Nd3+ 27. Qxd3 Qf4+ 28. Qf3 Qxf3+ 29. Kxf3 c5 30. d6 Rd8 31. Ne4 c4 32. bxc4 bxc4 33. Nxf6 a5 34. d7 Rxd7 35. Re8# 1-0

[Event "POL-chT U19 2nd League"]
[Site "Iwonicz"]
[Date "2015.08.01"]
[Round "8.77"]
[White "Ruchala, Katarzyna"]
[Black "Bakalarczyk, Zuzanna"]
[Result "0-1"]
[WhiteElo "1219"]
[BlackElo "1294"]
[PlyCount "64"]
[EventDate "2015.07.25"]
[EventType "team-swiss"]
[EventRounds "11"]
[EventCountry "POL"]
[SourceTitle "EXT 2019"]
[Source "ChessBase"]
[SourceDate "2018.10.10"]
[SourceVersion "1"]
[SourceVersionDate "2018.10.10"]
[SourceQuality "1"]
[WhiteTeam "Nowy Sacz Sandecja U19"]
[BlackTeam "Wielun UKS Piatka U19"]
[WhiteTeamCountry "POL"]
[BlackTeamCountry "POL"]

1. e4 c6 2. d4 d5 3. e5 Bf5 4. Nf3 e6 5. Be3 Qb6 6. b3 c5 7. c3 Nc6 8. Be2 cxd4 9. Bxd4 Nxd4 10. Nxd4 Bxb1 11. Rxb1 a6 12. 0-0 Qc7 13. Qe1 Ne7 14. Kh1 Ng6 15. f4 Bc5 16. Rc1 0-0 17. Bd3 Rac8 18. f5 Nxe5 19. Qg3 Nxd3 20. Qxd3 Bxd4 21. Qxd4 Qd6 22. f6 g6 23. Qd2 Rfe8 24. h4 e5 25. g4 e4 26. Rfe1 Qg3 27. Re2 e3 28. Qd4 Re4 29. Rg1 Qh3+ 30. Rh2 Qf3+ 31. Rhg2 Rxd4 32. cxd4 e2 0-1

[Event "POL-chT U19 2nd League"]
[Site "Iwonicz"]
[Date "2015.08.01"]
[Round "9.77"]
[White "Sekowska, Helena"]
[Black "Ruchala, Katarzyna"]
[Result "1-0"]
[WhiteElo "1473"]
[BlackElo "1219"]
[PlyCount "47"]
[EventDate "2015.07.25"]
[EventType "team-swiss"]
[EventRounds "11"]
[EventCountry "POL"]
[SourceTitle "EXT 2019"]
[Source "ChessBase"]
[SourceDate "2018.10.10"]
[SourceVersion "1"]
[SourceVersionDate "2018.10.10"]
[SourceQuality "1"]
[WhiteTeam "Wroclaw MUKS MDK Srodmiescie U19 II"]
[BlackTeam "Nowy Sacz Sandecja U19"]
[WhiteTeamCountry "POL"]
[BlackTeamCountry "POL"]

1. e4 e5 2. Nf3 Nc6 3. d4 Bd6 4. Bc4 h6 5. 0-0 Nf6 6. Nc3 0-0 7. h3 Re8 8. Be3 Bb4 9. Nd5 Nxe4 10. Nxb4 Nxb4 11. Nxe5 d5 12. Bb3 Be6 13. c3 Nc6 14. Ba4 Qd6 15. Bf4 Rf8 16. Ng6 Qd7 17. Nxf8 Rxf8 18. Re1 a6 19. Bc2 Nf6 20. Qf3 Ne7 21. Be5 Bf5 22. Bxf6 gxf6 23. Rxe7 Qxe7 24. Qxf5 1-0